[Event "Interzonal-14a"]
[Site "Subotica"]
[Date "1987.??.??"]
[Round "12"]
[White "Ribli, Zoltan"]
[Black "Chernin, Alexander"]
[Result "1-0"]
[WhiteElo "2580"]
[BlackElo "2570"]
[Annotator "Ribli,Z"]
[PlyCount "107"]
[EventDate "1987.06.??"]
[EventType "tourn"]
[EventRounds "17"]
[EventCountry "YUG"]
[EventCategory "11"]
[SourceTitle "CBM 003"]
[Source "ChessBase"]
[SourceDate "1988.04.01"]
[SourceVersion "1"]
[SourceVersionDate "1988.04.01"]
[SourceQuality "1"]

1. d4 Nf6 2. c4 e6 3. Nf3 d5 4. Nc3 dxc4 5. e4 Bb4 6. Bg5 c5 7. e5 cxd4 8. Nxd4
$1 (8. exf6) (8. Qa4+) 8... Qa5 (8... h6 $5) 9. exf6 Bxc3+ 10. bxc3 Qxg5 11.
fxg7 Qxg7 12. Qf3 Rg8 $2 (12... O-O 13. Bxc4 $14) (12... Qe5+ {Padevsky} 13.
Be2 a6 14. O-O Qc5 15. Rad1 Rg8 16. Rfe1 Ra7 17. Bf1 b5 18. Qf4 Nd7 19. Nf5 $18
) 13. O-O-O Qg4 14. Qe3 Bd7 15. f4 $1 $16 Nc6 16. Be2 $2 (16. Nb5 $1 O-O-O (
16... Ke7 17. Qc5+ Kf6 18. Rxd7 Qxf4+ 19. Rd2 $1 Rad8 20. Qf2 $1 $18) 17. Nd6+
Kc7 18. Nxf7 Rdf8 19. Nh6 $18) 16... Qg6 17. Nb5 O-O-O 18. Bf3 Qf6 19. Kb2 e5
$5 20. Nxa7+ $6 (20. Qc5 exf4 21. Rd6 $16) 20... Nxa7 21. Qxa7 e4 $1 (21... Bc6
22. Qa8+ Kc7 23. Qa5+ Kc8 24. fxe5 $16) 22. Bxe4 Bc6 23. Qc5 Rge8 24. Bxc6 Qxc6
(24... Re2+ $1 25. Kb1 Qxc6 $14) 25. Qxc6+ bxc6 26. Ka3 $1 Re2 27. g3 h5 (27...
Rxd1 28. Rxd1 Rxh2 29. Rd6 $16) 28. Kb4 $1 Rxa2 29. Kxc4 Rxd1 30. Rxd1 Rxh2 31.
Rd6 h4 32. gxh4 Rxh4 33. Rf6 $1 (33. Rxc6+ $2 Kd7 34. Rf6 Ke7 35. Rf5 Ke6 36.
Re5+ Kf6 37. Re4 Kf5 38. Kd4 Rh1 $1 $10) 33... Kd8 $2 (33... Kd7 34. Rxf7+ Ke6
35. Rf8 Ke7 36. Rf5 Ke6 37. Re5+ Kd6 38. Re4 $16) 34. Rxf7 Ke8 35. Rf5 Ke7 36.
Kc5 $1 $18 Ke6 37. Re5+ Kd7 38. f5 Rh5 39. c4 Rg5 40. Kd4 Rh5 41. f6 Rh4+ 42.
Kc5 Rf4 43. Re7+ Kd8 44. Re6 Kd7 45. Rd6+ Kc7 46. Rxc6+ Kd7 47. Rd6+ Kc7 48.
Re6 Rf5+ 49. Kb4 Kd7 50. Ra6 Ke8 51. Rd6 Rf1 52. Kb5 Rb1+ 53. Kc6 Kf7 54. c5
1-0

[Event "EU-chT (Men) 13th"]
[Site "Leon"]
[Date "2001.11.14"]
[Round "8.1"]
[White "Van Wely, Loek"]
[Black "Agrest, Evgenij"]
[Result "0-1"]
[WhiteElo "2714"]
[BlackElo "2563"]
[Annotator "Ribli,Z"]
[PlyCount "104"]
[EventDate "2001.11.06"]
[EventType "team-swiss"]
[EventRounds "9"]
[EventCountry "ESP"]
[SourceTitle "CBM 086"]
[Source "ChessBase"]
[SourceDate "2002.02.05"]
[SourceVersion "1"]
[SourceVersionDate "2002.02.05"]
[SourceQuality "1"]
[WhiteTeam "Netherlands"]
[BlackTeam "Sweden"]
[WhiteTeamCountry "NED"]
[BlackTeamCountry "SWE"]

1. Nf3 Nf6 2. c4 e6 3. Nc3 d5 4. d4 dxc4 {Das ist die sogenannte Wiener
Variante des Damengambits, die zu lebendigem Figurenspiel mit beiderseitigen
Chancen führt.} 5. e4 Bb4 6. Bg5 c5 7. e5 {Aber dieser Zug wird heutzutage
wirklich selten gespielt - 7. Bxc4 ist die Hauptvariante.} h6 $5 {Das ist die
alte Fortsetzung, die Alternative ist das oft gespielte} (7... cxd4) 8. exf6 (
8. Bd2 Bxc3 9. bxc3 Ne4 10. Bxc4 Nc6 11. O-O Nxd2 12. Qxd2 O-O 13. Qf4 cxd4 14.
cxd4 b6 15. Bd3 Bb7 16. Qe4 g6 17. Qf4 Nb4 18. Qxh6 Bxf3 19. Bxg6 $11) 8...
hxg5 9. fxg7 Rg8 {Wir haben eine wirklich komplizierte Stellung - die schwarze
Königsstellung ist geschwächt, aber er ist stark im Zentrum.} 10. a3 (10. dxc5
{Nach diesem Zug hat Schwarz hat keine Probleme.} Qxd1+ 11. Rxd1 (11. Kxd1 Rxg7
12. Ne4 Nd7 13. Nexg5 Bxc5 14. h4 b5 15. a4 Rb8 16. axb5 Rxb5 17. Bxc4 Rxb2 {
0-1 Dokhoian,Y-Akopian,V/Moscow 1989/TD (30)}) 11... Rxg7 12. Bxc4 Ke7 13. O-O
Bxc3 14. bxc3 Nd7 15. c6 bxc6 {0-1 Ubilava,E-Zaichik,G/Tbilisi 1988/TD (40)}) (
10. Bxc4 g4 11. d5 Bxc3+ 12. bxc3 gxf3 13. Qxf3 e5 14. O-O Rxg7 15. Rfe1 Nd7 {
0-1 Cebalo,M-Ruban,V/Belgrade 1988/CBM 10 (30)}) (10. h4 g4 11. h5 Rxg7 12. h6
Rh7 13. Ne5 Qxd4 14. Nxg4 Bxc3+ 15. bxc3 Qxc3+ 16. Ke2 Nc6 {0-1 Ridameya
Tatche,J-San Segundo Carrillo,P/Zaragoza 1993/EXT 97 (43)}) (10. Qc2 Qf6 11.
dxc5 Nd7 12. Bxc4 Bxc3+ 13. Qxc3 Qxc3+ 14. bxc3 g4 15. Nd4 Nxc5 16. h4 Rxg7 {
1/2-1/2 Giorgadze,G-De la Villa Garcia,J/Benasque 1997/EXT 98 (33)}) 10... Ba5
11. dxc5 {Jetzt haben wir eine ähnliche Stellung wie nach sofortigem 10.dxc5.}
Qxd1+ 12. Rxd1 (12. Kxd1 Bxc3 (12... Rxg7 13. Ne4 $5) 13. bxc3 Nd7 14. c6 bxc6
15. Bxc4 Rxg7 $11) 12... Bxc3+ (12... Rxg7 13. Rc1 (13. Bxc4 Bxc3+ 14. bxc3 Ke7
$11) 13... Nd7 14. Bxc4 Bxc3+ 15. Rxc3 Nxc5 16. Bb5+ Nd7 17. h4 g4 18. Ne5 f6
19. Nxd7 Bxd7 20. Rc7 a6 {1/2-1/2 Kumaran,D-Pavasovic,D/Bratislava 1993/TD (27)
}) 13. bxc3 Rxg7 $11 {Nach großen Komplikationen ist eine scheinbar stille
Stellung entstanden. Weiß gewinnt den c4-Bauern und Schwarz den c5-Bauern. Das
Material ist reduziert, so ist das warscheinliche Ergebnis ein Remis.} 14. h4
$5 (14. Bxc4 Ke7 $11 (14... Nd7 15. Bb5 (15. c6 bxc6 $11) 15... Ke7 16. Bxd7
Bxd7 $11)) 14... g4 {Dieser Zug ist riskant, da der weiße h-Bauer frei wird,
aber nur dieser Zug bietet Schwarz vollwertiges Spiel. Ich muss noch bemerken,
das der weiße h-Freibauer natürlich gefährlich ist, aber Schwarz kann, wenn er
muss, ihn bis h7 lassen und mit dem Turm auf h8 blockieren.} (14... gxh4 15.
Rxh4 {[%csl Gh4]} Ke7 16. g3 Nc6 17. Bxc4 Bd7 {[%cal Ga8c8]} 18. Rb1 $14) 15.
Ng5 (15. Ne5 Nd7 16. Nxd7 (16. Nxc4 Nxc5 $15) 16... Bxd7 17. Bxc4 Rc8 $15)
15... Nd7 16. Rd4 {[%cal Rd4c4,Rd4g4]} (16. c6 bxc6 (16... Nc5 $5 17. c7 (17.
cxb7 Bxb7 18. Bxc4 Ke7 $13) (17. Bxc4 Ke7 $13) 17... f6 18. Rd8+ Ke7 19. f4 $13
) 17. Bxc4 Ke7 $11) 16... Ne5 17. Ne4 $13 {[%cal Ge4d6]} (17. Bxc4 Bd7 18. Ne4
Ke7 $44 {[%cal Gd7c6,Gc6h1] Weiß hat einen Bauern mehr, aber Schwarz hat eine
gesunde Stellung und die weißen Bauern auf der c-Linie sind schwach.}) 17...
Ke7 18. Nd6 {Der Springer steht scheinbar schön auf d6, aber ohne Damen auf
dem Brett ist das nicht so gefährlich.} Bd7 $1 {[%cal Gd7c6] Schwarz
beschäftigt sich nicht mit der Verteidigung des b7-Bauern, sondern entwickelt
den Läufer.} 19. Nxb7 (19. Nxc4 Nxc4 20. Rxc4 (20. Bxc4 Rc8 $15) 20... Rc8 $11
(20... Bc6 $11)) 19... Rb8 $5 (19... Bc6 20. Nd6 (20. Na5 $6 Bd5) 20... Bd5 21.
Nf5+ (21. Nxc4 Nxc4 22. Bxc4 Bxg2 $11) 21... exf5 22. Rxd5 f6 $11) 20. Nd6 Ba4
{[%csl Re1][%mdl 2048]} 21. h5 (21. Nxc4 Rb1+ 22. Kd2 Nxc4+ 23. Rxc4 Bb5 24.
Rb4 Rxf1 25. Rxf1 Bxf1 26. Rb7+ $17) 21... Rb1+ 22. Kd2 (22. Ke2 Rc1) 22...
Rd1+ 23. Ke2 Rc1 24. h6 Rh7 {Der h6P ist stark, aber es ist nicht leicht fuer
Weiss weiterzukommen.} 25. Ke3 (25. Nxc4 $2 Nxc4 26. Rxc4 Bb5 $19) 25... f5 $1
{Schwarz verstärkt seine Bauernkette und kann im folgenden den h6-Bauern mit
Nf7 angreifen.} 26. Nxc4 Rxc3+ 27. Kf4 (27. Kd2 Rc2+) 27... Nf7 {Es hängt der
h6P und Weiß muss immer mit e6-e5 rechnen.} 28. f3 {Weiß muss die dritte Reihe
geschlossen halten, sonst gibt es Mattmotive wegen der sonderbaren
Königstellung auf f4.} (28. Ne5 Nxe5 29. Rxa4 (29. Kxe5 $4 Rxc5+ 30. Kf4 e5+
$19) 29... Kf6 {Droht Matt mit 30...Ng6+.} 30. f3 $8 Rxc5 $13) 28... gxf3 29.
gxf3 Kf6 $1 {Droht 30...e5+ mit Materialgewinn.} 30. Bd3 (30. Rh5 Bb5 $36) {[#]
} 30... Bb5 $1 $17 {[%csl Rf4] Weiß hat einen Bauern mehr, aber sein König
steht so unglücklich auf f4, dass Schwarz vielseitige Drohungen hat. Die
schwarze Hauptdrohung ist jetzt 31...e5+ und nach 32.Nxe5 Nxe5 33.Bxb5 folgt
Rxf3#.} (30... e5+ $2 31. Nxe5 Nxe5 32. Rd6+ $18) 31. Kg3 (31. Rd1 Rxh6 $17) (
31. Ke3 e5 $17) 31... e5 {[%csl Rc4,Rd3,Rd4]} 32. Bxf5 {Weiß hat nichts
Besseres - er muss Material geben.} Kxf5 (32... exd4 33. Bxh7 Bxc4 $17 (33...
Rxc4 $2 34. Bg8 {[%cal Gg8c4]} Rxc5 35. Bxf7 Kxf7 36. h7 $18) 34. Bg8 $2 Nxh6
$1 35. Bxc4 (35. Rxh6+ Kg7 $19) 35... Nf5+ $19) 33. Nd6+ Ke6 34. Nxb5 exd4 35.
Nxc3 dxc3 {[%mdl 4096] Nach forcierten Zügen haben wir eine Stellung, in der
Schwarz eine Figur mehr hat, aber wegen das reduzierten Materials hat Weiß
einige Rettungschancen.} 36. Rc1 Rxh6 37. Rxc3 Kd5 {[%csl Gd5]} 38. Rd3+ Kc6 $1
(38... Kxc5 39. Rd7 $11 {[%cal Rd7a7,Rd7f7] Auf diese Weise kann Weiß den
letzten schwarzen Bauern vernichten und das Endspiel R und N gegen R wäre
Remis.}) 39. Re3 {Droht wieder dieselbes Motiv - 40.Re7.} a6 40. Re7 Rf6 41. f4
{Der f4P ist die letzte Hoffnung für Weiß.} Kxc5 $19 42. Kg4 Kd5 {[%csl Gf6,
Gf7] Die schwarze Figuren stehen ausgezeichnet - der weiße König kann nicht
weitergehen und der a6P ist fest verteidigt.} 43. Ra7 Kc4 {[%cal Rc4b3,Rb3a3]
Droht 44...Kb3 mit sofortigem Gewinn.} 44. Rb7 Nd8 45. Rb4+ (45. Ra7 Kb3 46.
Kg5 Rd6 $19) (45. Rd7 Ne6 46. f5 Nd4 $19) 45... Kd5 46. Ra4 Rd6 47. Ra5+ Kd4
48. f5 (48. Ra4+ Kc3 $19) 48... Ke4 49. Rc5 (49. Ra4+ Ke5 50. Ra5+ Kf6 $19)
49... Nf7 50. Ra5 Rc6 51. a4 $2 {Fehler in schon verlorener Stellung.} (51.
Ra4+ Ke5 $19) 51... Ne5+ 52. Kg5 Nc4 {[%csl Ra5]} 0-1

[Event "EU-chT (Men) 13th"]
[Site "Leon"]
[Date "2001.11.08"]
[Round "3.3"]
[White "Mamedyarov, Shakhriyar"]
[Black "Kolev, Atanas"]
[Result "1-0"]
[WhiteElo "2503"]
[BlackElo "2571"]
[Annotator "Ribli,Z"]
[PlyCount "141"]
[EventDate "2001.11.06"]
[EventType "team-swiss"]
[EventRounds "9"]
[EventCountry "ESP"]
[SourceTitle "CBM 086"]
[Source "ChessBase"]
[SourceDate "2002.02.05"]
[SourceVersion "1"]
[SourceVersionDate "2002.02.05"]
[SourceQuality "1"]
[WhiteTeam "Azerbaijan"]
[BlackTeam "Bulgaria"]
[WhiteTeamCountry "AZE"]
[BlackTeamCountry "BUL"]

1. d4 Nf6 2. c4 e6 3. Nf3 d5 4. Nc3 dxc4 5. e4 Bb4 6. Bg5 c5 7. Bxc4 {Diese
Fortsetzung ist die beste Möglichkeit für Weiß.} cxd4 8. Nxd4 Bxc3+ {Dieser
Zug wird oft gespielt, aber interessant ist auch die Variante 8...Qa5 und
Schwarz kann in einigen Varianten Bxc3 sparen, in anderen zu 8...Bxc3
übergehen.} 9. bxc3 Qa5 10. Bb5+ {Wieder die kritische Fortsetzung - 10.Nb5
oder 10.Bxf6 werden seltener gespielt.} Nbd7 (10... Bd7) 11. Bxf6 Qxc3+ 12. Kf1
gxf6 13. Rc1 {Dieser natürliche Zug wird in der Turnierpraxis weniger gespielt
als die Fortsetzung 13.h4 a6 14.Rh3 Qa5.} (13. h4 a6 14. Rh3 (14. Rc1 Qb4 {
wäre ein Üebergang zu unserer Partiefortsetzung.}) 14... Qb4 15. Be2 O-O 16.
Rb1 Qd6 17. Qd2 Kh8 18. Rg3 {1-0 Shestoperov,A-Acs,P/Pardubice CZE 2001/(30)})
13... Qb4 (13... Qa5 $4 {Dieser Zug ist ein bekannter theoretische Fehler.} 14.
Rxc8+ Rxc8 15. Bxd7+ Kxd7 (15... Ke7 16. Bxc8 Rxc8 17. h4 Rd8 18. Rh3 $18) 16.
Nb3+ {[%cal Rd1d7,Rb3a5] Mit der b3-Damestellung geht diese ganze Variante
nicht für Weiß.}) 14. h4 a6 (14... e5 15. Rc4 Qd6 16. Rh3 exd4 17. Rxd4 Qe6 18.
Rhd3 Qxa2 19. e5 fxe5 20. Bxd7+ Bxd7 21. Rxd7 O-O 22. Qg4+ Kh8 23. Qg5 Qe6 24.
R7d6 Rg8 25. Qh5 Qe8 $13 {0-1 Smejkal,J-Fauland,A/Novi Sad 1990/TD (39)}) (
14... Ke7) 15. Be2 (15. Ba4 Ke7 (15... Qd6 16. Rh3 b5 17. Rc6 $1 $40 (17. Rhc3
$1 Bb7 (17... Nb6 18. Rd3 $1) 18. Nxb5 $1 Qxd1+ 19. Rxd1 axb5 20. Bxb5 Bxe4 (
20... Rd8 21. Rc7 Bc8 22. Rxc8) 21. Rxd7 O-O 22. a4 $16) 17... Qe5 18. Rhc3 Bb7
19. Rc7 Bxe4 $2 (19... bxa4 $1 20. Rxb7 Nc5 21. Rxc5 Qxc5 22. Qxa4+ Kf8 23. Qd7
Qc1+ 24. Ke2 Qc4+ $11) 20. Nf5 $1 {1-0 Greenfeld,A-Piket,J/Bugojno 1999/CBM 74/
[Ribli] (20)}) 16. a3 Qd6 17. Rc6 Qf4 18. Rc3 Rd8 19. Rhh3 Nb6 20. Bb3 Bd7 21.
Qh5 Be8 22. Rhf3 Qe5 23. Nf5+ exf5 24. exf5 Qb5+ 25. Kg1 Nd5 26. Rc1 Rac8 27.
Re1+ Kd6 28. a4 Qa5 29. Rd1 Kc7 30. Qxh7 Kb8 {0-1 Zaja,I-Gyimesi,Z/Pula CRO
2001/(36)}) 15... Ne5 {Dieser Springerzug ist nicht schlecht, aber nach meiner
Meinung ist 15...0-0 sicherer.} (15... O-O $5 16. Rh3 Kh8 17. Rg3 (17. Rhc3 $5)
17... Ne5 18. Rcc3 Rd8 19. Qc1 Qxd4 20. Qh6 Ng6 21. Rgd3 Qb6 22. h5 e5 23. hxg6
fxg6 24. Rxd8+ Qxd8 25. Rc7 Bd7 26. Rxb7 Rb8 27. Bxa6 Rxb7 28. Bxb7 Bc6 {
0-1 Banikas,H-Gyimesi,Z/Bolzano 2000/CBM 77 ext (28)}) 16. Rh3 Bd7 {Schwarz
möchte die Entwicklung beenden und wenn möglich - Rd8 spielen.} (16... O-O 17.
Nf3 Nxf3 18. Rxf3 e5 19. Rc4 Qb2 $2 20. Rb3 $18 Qxa2 21. Ra4 {[%csl Ra2] 1-0
Campos Moreno,J-Martin Gonzalez,A/Barcelona 1991/CBM 23 ext (21)}) 17. Rb3 {
Mit diesem Zug gewinnt Weiß den Bauern zurück.} (17. Rb1 Qa5 18. Rxb7 Qxa2 19.
Rc3 Rd8 $13 {[%mdl 2048]}) 17... Qd6 18. Rxb7 $14 {Die Stellung ist materiell
gleich, aber dank seinen aktiver Türme steht Weiß etwas besser.} O-O 19. f4 Ng6
(19... Nc6 $4 20. Nxc6 $18) 20. g3 {Nach diesem Zug ist der g6N beschränkt in
seiner Bewegung.} Rfc8 (20... Rfb8 21. Rbc7 $14) 21. Rxc8+ Rxc8 22. Nb3 (22. h5
Nf8 $11) 22... Qxd1+ 23. Bxd1 Bc6 (23... Bb5+ 24. Kf2 $14 {Weiß hat nur einen
kleinen Vorteil in diesem Endspiel - seine Bauernstruktur am Königsflügel ist
besser und der g6N steht unglücklich.}) 24. Rb4 Bb5+ 25. Kf2 Ne7 {Der weiße
Turm ist weit von b7 weg, so kann der Springer schon nach e7 kommen.} 26. Nd4
Bc4 (26... Nc6 27. Nxc6 Bxc6 (27... Rxc6 28. a4 Bd3 29. Ke3 Bc2 30. Bxc2 Rxc2
31. Rb6 $16) 28. Rc4 $14) 27. a4 {Weiß möchte im folgenden mit a4-a5 am
Damenflügel Raum gewinnen. Weiß hat nur einen kleinen, aber dauerhafte Vorteil
- das größte Problem für Schwarz ist, dass er kein Gegenspiel hat.} e5 28. fxe5
fxe5 29. Nf3 a5 {Zuerst muss Schwarz den b4-Turm verjagen und im nächsten Zug
kann er den e5-Bauern mit Nc6 verteidigen.} 30. Rb6 Nc6 31. g4 h6 (31... f6 $14
) 32. Ke3 {[%csl Ge3] Weiß hat die bessere Figurenkoordination und sein König
steht aktiv auf e3.} Be6 $1 33. g5 (33. Be2 Bxg4 34. Rxc6 Rxc6 35. Nxe5 Rc3+
36. Kd4 Bxe2 (36... Ra3 37. Nxg4 Rxa4+ $14) 37. Kxc3 Bd1 $11) 33... hxg5 34.
hxg5 Bc4 {Schwarz verhindert die Möglichkeit 35.Be2 und 36.Bb5.} (34... Kf8 $14
) (34... Kg7 $14) (34... Bg4 35. Rxc6 Rxc6 36. Nxe5 Bxd1 37. Nxc6 Bxa4 38. Nxa5
Kg7 39. e5 $14) 35. Bb3 Bxb3 36. Rxb3 {[%mdl 4096]} Nb4 $2 {Opfer oder
Versehen? Schwarz gibt den e5-Bauern von selbst, wonach Weiß ein sehr
chancenreiches Endspiel bekommt.} (36... Kg7 37. Rc3 (37. Rb5 Re8 38. Rc5 Re6
$11 39. Nh4 $145 {und Schwarz hat noch lange kein Remis.}) 37... Ne7 $1 (37...
f6 38. Rc5 Kg6 (38... fxg5 39. Nxg5 Kf6 40. Nf3 Ke6 41. Nxe5 Ne7 42. Rxc8 Nxc8
43. Nc4 $18) 39. gxf6 Kxf6 40. Nxe5 Ne7 41. Rxa5 $18 (41. Rxc8 Nxc8 42. Nc4 Ke6
43. Kd4 $18)) 38. Rxc8 Nxc8 39. Nxe5 Nb6 40. Nc6 Nxa4 41. Nxa5 f6 $11) (36...
Re8 $1 37. Rb5 Re6 $11) 37. Nxe5 $16 Rc5 38. Kd4 Rc2 39. Rc3 Ra2 (39... Rxc3
40. Kxc3 $18) 40. Rc8+ Kg7 41. Rc7 {[%csl Rf7] Weiß gewinnt den wichtigen
f7-Bauern.} Rxa4 42. Rxf7+ Kg8 43. Rb7 $1 {Der weiße g-Bauer steht gut auf g5,
das Feld g6 ist reserviert für den König.} (43. g6 Nc6+ 44. Kd5 Nxe5 45. Kxe5
Ra1 $16) 43... Nc6+ 44. Kd5 Nxe5 45. Kxe5 Ra1 46. Ra7 Kf8 (46... a4 47. Kf6 a3
48. Kg6 Kf8 49. Ra8+ Ke7 50. Kg7 $18) 47. Kf6 Rf1+ 48. Ke6 (48. Kg6 $1 {
Der König muss unter dem g-Bauern sein.}) 48... Ra1 49. Kf6 Rf1+ 50. Kg6 Ra1
51. Ra8+ Ke7 52. Kg7 a4 53. g6 a3 {Der schwarze a-Bauer hat keine große
Bedeutung.} 54. Kg8 a2 55. g7 Ke6 56. Ra5 $1 {Droht in folgendem Rd5+ oder
Rf5+ und der weiße Turm erreich die zweite Reihe.} Kd6 (56... Ke7 57. Re5+ Kd6
(57... Kf6 58. Rf5+ $18) 58. Rd5+ $18) 57. Rd5+ Ke7 58. Rd2 Rh1 (58... Ke6 59.
Rh2 $18 {Und Schwarz muss den a2-Bauern geben, sonst kommt 60.Kh7 oder 60.Kh8
mit Gewinn.}) 59. Rxa2 $18 {Das Turmendspiel ist glatt gewonnen für Weiß -
auch ohne den e4-Bauern.} Rh4 60. Ra7+ Ke8 (60... Ke6 61. Kf8 Rf4+ 62. Ke8 Rg4
63. Rf7 $18) 61. Ra5 Ke7 62. Re5+ Kd6 63. Kf7 {Weiss gibt den Turm und gewinnt
leicht das Endspiel Q gegen R.} Kxe5 64. g8=Q Rf4+ 65. Ke7 Rxe4 66. Qg5+ Kd4+
67. Kd6 Kd3 68. Qg3+ Kd4 (68... Re3) 69. Qf3 Re3 70. Qf4+ Kd3 (70... Re4) 71.
Kd5 {Das Endspiel ist theoretisch einfach gewonnen für Weiß.} 1-0

[Event "Bundesliga 0203"]
[Site "Germany"]
[Date "2003.02.08"]
[Round "10.5"]
[White "Teske, Henrik"]
[Black "Naumann, Alexander"]
[Result "1-0"]
[WhiteElo "2527"]
[BlackElo "2513"]
[Annotator "Ribli,Z"]
[PlyCount "59"]
[EventDate "2002.10.19"]
[EventType "team-tourn"]
[EventRounds "15"]
[EventCountry "GER"]
[SourceTitle "CBM 094"]
[Source "ChessBase"]
[SourceDate "2003.05.26"]
[SourceVersion "1"]
[SourceVersionDate "2003.05.26"]
[SourceQuality "1"]
[WhiteTeam "Tegernsee"]
[BlackTeam "Solingen"]
[WhiteTeamCountry "GER"]
[BlackTeamCountry "GER"]

1. d4 d5 2. Nf3 Nf6 3. c4 e6 4. Nc3 dxc4 {Das ist die sogenannte Wiener
Variante des Damengambits. In der klassischen Eroeffnungstheorie bis zum Ende
der 80er Jahre glaubte man, dass Weiß hier klar im Vorteil ist. Aber in der
letzten Zeit ist diese Variante popular geworden, weil sie zu taktischem Kampf
mit beiderseitigen Möglichkeiten führt.} 5. e4 {Das ist die prinzipielle
Fortsetzung. 5.e3 fuehrt zum Angenommenen Damengambit.} Bb4 6. Bg5 c5 7. Bxc4
cxd4 8. Nxd4 Qa5 {Statt dieses Damenzuges ist die prinzipielle Fortsetzung 8...
Bxc3 9.bxc3 Qa5.} 9. Bd2 {Das ist der Unterschied zur Hauptvariante: im
folgenden droht Bxc3 nicht, weil Weiß immer Bxc3 spielen kann.} Qc5 (9... O-O {
Jetzt spielt Weiß gewoehnlich 10.Qe2, wonach 10...e5 zu ungefaehr gleichem
Spiel fuehrt.}) 10. Bb5+ Nbd7 (10... Bd7) 11. Nb3 Qb6 (11... Qe7 $5) 12. O-O (
12. Qe2 a6 13. Bd3 Ne5 14. O-O Bd7 15. Rac1 (15. Rfd1 Nxd3 $6 (15... Rc8 16.
Be3 Qc7 17. Bd4 O-O 18. Rac1 Qb8 19. Bb1 Bc6 {1/2-1/2 Sriram,J-Ravi,L/Mumbai
IND 2003/(78)}) 16. Qxd3 Bc6 17. e5 $1 (17. Qg3 $2 Bxc3 18. Bxc3 Nxe4 19. Qxg7
Qxf2+ 20. Kh1 Nxc3 21. bxc3 Ke7 {0-1 Cvitan,O-Horvath,C/Pula 2001/EXT 2002 (25)
}) 17... Nd5 18. Ne4 Be7 19. Qg3 $36) 15... O-O 16. Be3 $1 (16. Bg5 $2 Nxd3 17.
Qxd3 Bxc3 $1 18. Bxf6 Bxf6 19. Qxd7 Bxb2 $17 {0-1 Pelletier,Y-Kasparov,G/
Zuerich 2001/CBM 83/[Ribli] (41)}) 16... Qd6 17. Rfd1 $14 {1-0 Gelfand,
B-Khalifman,A/Moscow 2002/CBM 91/[Ribli] (29)}) 12... a6 13. Bxd7+ Nxd7 (13...
Bxd7 14. e5 Bxc3 15. bxc3 $16) 14. Qg4 {Schwarz hat Läuferpaar, aber das hat
keine Bedeutung - Weiß hat großen Entwicklungsvorsprung und schon Drohungen am
Koenigsfluegel.} Bf8 15. Rac1 $1 {[%csl Gc1][%cal Gc1c8][%mdl 4] Dieser
Turmzug ist noch stärker als die Alternative 15.Rfe1.} (15. Rfe1 h5 16. Qh3 Bd6
17. Bg5 Ne5 18. Rad1 Ng4 19. Re2 f6 20. Be3 Qc7 {1-0 Ernst,S-Jonkman,H/
Groningen NED 2002/(37)}) 15... h5 {Es ist nicht leicht fuer Schwarz seine
Entwicklung beenden.} (15... g6 16. Be3 Qd8 17. Rfd1 $16) 16. Qe2 $16 {Der
schwarze Koenig steht in der Mitte und Schwarz hat große Schwerigkeiten mit
der Figurenkoordination.} Bd6 (16... Nc5 $4 17. Nxc5 Qxc5 (17... Bxc5 18. Na4
$18) 18. Nd5 $18) (16... Be7 17. Be3 Qb4 18. Rfd1 $16) 17. Be3 Qd8 (17... Qc7
18. f4 $16 {[%cal Ge4e5,Gc1c7]}) 18. Rfd1 Qe7 19. Qd2 {[%cal Gd1d7]} Bb8 (19...
Bb4 20. a3 Bxc3 21. Rxc3 O-O 22. Rc7 $18) (19... Bc7 20. Na4 $16 {[%cal Gc1c7,
Gb3c5,Ga4c5]}) 20. Na4 O-O 21. Nbc5 Nf6 (21... Rd8 22. Nb6 $18) 22. Nb6 Qc7 (
22... Ra7 23. Nb3 {[%csl Rc8]} Nxe4 24. Qe2 $18) 23. Nxa8 $18 {[%mdl 1024]}
Qxh2+ 24. Kf1 Qh1+ (24... Ng4 25. Nb6 $18) 25. Ke2 Qxg2 26. Rg1 Qh3 27. Nb6 Ng4
28. Nxc8 Rxc8 29. Nxe6 Re8 (29... Rxc1 30. Qd8+ Kh7 31. Ng5+ $18 {[%cal Rg5h7,
Rg5h3]}) 30. Ng5 (30. Ng5 Qh4 31. Qd7 Rf8 32. Rc8 $18) 1-0

[Event "Belgrade GMA op"]
[Site "Belgrade"]
[Date "1988.??.??"]
[Round "?"]
[White "Cebalo, Miso"]
[Black "Ruban, Vadim"]
[Result "0-1"]
[WhiteElo "2510"]
[BlackElo "2395"]
[Annotator "Ribli,Z"]
[PlyCount "60"]
[EventDate "1988.12.??"]
[EventType "swiss"]
[EventRounds "9"]
[EventCountry "YUG"]
[SourceTitle "TD"]
[Source "ChessBase"]
[SourceDate "1994.03.01"]
[SourceVersion "1"]
[SourceVersionDate "1994.03.01"]
[SourceQuality "1"]

1. d4 Nf6 2. Nf3 d5 3. c4 e6 4. Nc3 dxc4 5. e4 Bb4 6. Bg5 c5 7. e5 h6 8. exf6
hxg5 9. fxg7 Rg8 10. Bxc4 g4 11. d5 $2 (11. Nd2 cxd4 (11... Qxd4 $5) 12. Nce4
Rxg7 13. h3 $1 {©}) 11... Bxc3+ 12. bxc3 gxf3 13. Qxf3 e5 $1 14. O-O Rxg7 15.
Rfe1 Nd7 16. d6 Kf8 17. Rad1 Nb6 18. Qe4 Qg5 19. Bf1 f6 20. h4 Qg4 21. Qe3 Qxh4
22. Qxc5 Bd7 23. g3 Rc8 24. Qa3 Qh5 25. Be2 Qh3 26. Bf1 Qh6 27. Re4 f5 28. Rxe5
Rh7 29. Bg2 Nc4 30. Rxf5+ Bxf5 0-1